Antologia di testi (Record n. 47368)
[ formato base ]
| 000 -LEADER | |
|---|---|
| fixed length control field | 01591nam a2200325Ia 4500 |
| 001 - CONTROL NUMBER | |
| control field | B0041 |
| 003 - CONTROL NUMBER IDENTIFIER | |
| control field | IT-RoPAU |
| 008 - FIXED-LENGTH DATA ELEMENTS--GENERAL INFORMATION | |
| fixed length control field | 130308s9999 xx 000 0 und d |
| 040 ## - CATALOGING SOURCE | |
| Original cataloging agency | IT-RoPAU |
| 040 ## - CATALOGING SOURCE | |
| Transcribing agency | IT-RoPAU |
| 041 ## - LANGUAGE CODE | |
| Language code of text/sound track or separate title | ITALIANO |
| 999 ## - SYSTEM CONTROL NUMBERS (KOHA) | |
| Koha Dewey Subclass [OBSOLETE] | SI |
| 100 ## - MAIN ENTRY--PERSONAL NAME | |
| Personal name | AA.VV. |
| 100 ## - MAIN ENTRY--PERSONAL NAME | |
| Miscellaneous information | Codice Aut. SPICS: 12000 |
| 245 ## - TITLE STATEMENT | |
| Title | Antologia di testi |
| 245 ## - TITLE STATEMENT | |
| Remainder of title | Cosi' splendeva Olimpia-L'Arte, gli Eroi e gli dei Negli Antichi Giochi Olimpici |
| 250 ## - EDITION STATEMENT | |
| Edition statement | 1a ed. |
| 260 ## - PUBLICATION, DISTRIBUTION, ETC. (IMPRINT) | |
| Place of publication, distribution, etc. | MILANO |
| 260 ## - PUBLICATION, DISTRIBUTION, ETC. (IMPRINT) | |
| Name of publisher, distributor, etc. | Mondadori |
| 260 ## - PUBLICATION, DISTRIBUTION, ETC. (IMPRINT) | |
| Date of publication, distribution, etc. | 1985 [1° Ed.:1985 - Ed.Ling.Originale:1985] |
| 300 ## - PHYSICAL DESCRIPTION | |
| Extent | "11 p. (prefazione: no ; testo: 11 [pagine: 145-155])" |
| 500 ## - GENERAL NOTE | |
| General note | All'Origine dell'Agonistica Greca: Giochi Funebri per Patrocldall'Iliade di Omero: Prmi e inizi delle Gare, consiglio per la corsa dei Carri, Pugilato, Lotta, Corsa. Un Mito di Fondazione: Pelope, Ippodamia, Enomao. Storia delle Competizioni Olimpiche e del Programma. Multe e Irregolarità nelle Gare. Giuramento degli Atleti. Iscrizioni di Atleti Famosi: Eutimo di Locri, Teogene di Taso, Sostrato di Sicione, Agesistrato di Rodi, Publio Cornelio Ariston. presa in Giro dei Pugilatori. Critica All'Atletismo Greco. feste di Olimpia Come Luogo di presentazione dei Propri Scritti. Un Suicidio Durante le Olimpiadi del 167 D.C. impressioni immaginarie di un Barbaro che Vedegli Atleti greci All'Opera (Luciano di Samosata). |
| 650 ## - SUBJECT ADDED ENTRY--TOPICAL TERM | |
| Topical term or geographic name as entry element | SAGGI SULLE ARTI VISIVE |
| 650 ## - SUBJECT ADDED ENTRY--TOPICAL TERM | |
| Relator term | Codice materia Spics: 5011 |
| 700 ## - ADDED ENTRY--PERSONAL NAME | |
| Personal name | Ampolo Carmine |
| 700 ## - ADDED ENTRY--PERSONAL NAME | |
| Miscellaneous information | Codice Aut. SPICS: 36849 |
| 942 ## - ADDED ENTRY ELEMENTS (KOHA) | |
| Koha item type | LIBRO |
| 957 ## - | |
| -- | 1 |
| 999 ## - SYSTEM CONTROL NUMBERS (KOHA) | |
| -- | 1 |
| Withdrawn status | Lost status | Damaged status | Not for loan | Home library | Current library | Date acquired | Total Checkouts | Full call number | Date last seen | Price effective from | Koha item type | Public note |
|---|---|---|---|---|---|---|---|---|---|---|---|---|
| Buone Condizioni | Not For Loan | SPICS-MEDIATECA | SPICS-MEDIATECA | 08/03/2013 | B0041 | 08/03/2013 | 08/03/2013 | LIBRO | Progressivo inserimento: 22279 / N. Volumi: 0 [=Contributo] Copie: 1 Copia Rara: SI / data import: 1 marzo 2013 - By Epidotti, Trombetti, Vaglietti. |